Pozoruhodná kniha o animovanom filme Významný edičný čin

Bibliographic Details
Main Author: Mihálik, Peter (Author)
Format: Article
Language:Slovak
Subjects:

MARC

LEADER 00000nab a2200000 a 4500
001 vtls000076870
003 SK-MaSNL
005 20260304170715.0
008 111103c1981 xo 0 slo
015 |a SNBRB19rr/mm-uuuuu 
035 |a CL0086971 
040 |a SNKBUCL  |b slo  |c SNKBUCL  |e AACR2 
041 0 |a slo 
044 |a xo  |c SK 
080 |a 791.43  |2 1981 
100 1 |a Mihálik, Peter  |4 aut  |9 279034 
245 1 0 |a Pozoruhodná kniha o animovanom filme  |b Významný edičný čin  |c Peter Mihálik ; Rudolf Urc 
650 0 7 |a animovaný film  |2 snkbucl  |9 71799 
655 7 |a články z novín a časopisov  |2 snkbucl  |9 267496 
773 0 |t Pravda  |g Roč. 62, č. 10 (13. 1. 1981), s. 5 
850 |a Slovenská národná knižnica v Martine  |a MTA001 
852 |a SNK  |b KIS3GCP 
958 |a RK 
992 |a RBX 
999 |c 2989921  |d 2991851